| 000 | 00582nam a2200205Ia 4500 | ||
|---|---|---|---|
| 005 | 20250508153212.0 | ||
| 008 | 008 250505s9999 xx 000 0 eng d | ||
| 037 | _aTextual | ||
| 040 |
_aFEDL _beng _cFEDL |
||
| 041 |
_aeng _2eng |
||
| 084 |
_a025.4, PAL _qFEDL |
||
| 100 |
_aPalmer Bernard I _944562 |
||
| 245 | 0 | _aFundamentals of library classification | |
| 260 |
_aLondon, UK _bGeorge Allen and Unwin Ltd. _c1961 |
||
| 300 | _a114p. | ||
| 650 | _aLibrary Science | ||
| 700 |
_a Wells A J _9763401 |
||
| 942 |
_cTEXL _h025.4, PAL |
||
| 999 |
_c1341207 _d1341207 |
||